00479nam a22001577a 4500010001400000020002600014035001700040037001300057082000600070100001800076245008100094260003200175270006800207300002000275700002600295 a1718CH-EN a9780143334040c175.00 aB-673876-902 aDPLbBSB aS aBond, Ruskin  aDust on the mountain / cby Ruskin Bond; illustrated by Anitha Balachandran  aGurgaon bPuffin Bookc2016 a7th Floor, Infinity Tower C, DLF Cyber City, bGurgaon e122002 a64p.c19cm(pbk) aBalachandran, Anitha